[Event "Weiz op 16th"]
[Site "Weiz"]
[Date "2017.06.18"]
[Round "5.11"]
[White "Amtmann, Franz"]
[Black "Bratko, Alexander"]
[Result "0-1"]
[WhiteElo "1768"]
[BlackElo "1694"]
[PlyCount "88"]
[EventDate "2017.06.15"]
[EventType "swiss"]
[EventRounds "5"]
[EventCountry "AUT"]
[SourceTitle "EXT 2024"]
[Source "ChessBase"]
[SourceDate "2023.10.10"]
[SourceVersion "1"]
[SourceVersionDate "2023.10.10"]
[SourceQuality "1"]

1. e4 d6 2. d4 Nf6 3. Nc3 g6 4. h3 Bg7 5. Nf3 0-0 6. Be2 c5 7. dxc5 dxc5 8. Be3 b6 9. 0-0 Bb7 10. Qxd8 Rxd8 11. Nd2 Nc6 12. f3 Rac8 13. Rac1 Nh5 14. Rfe1 Be5 15. a3 Rd7 16. Nf1 Rcd8 17. Nd1 Nd4 18. Kf2 Nxe2 19. Kxe2 Ba6+ 20. Kf2 Nf4 21. Rb1 Ne6 22. g3 Nd4 23. f4 Nxc2 24. fxe5 Nxe1 25. Kxe1 Bxf1 26. Nf2 Bb5 27. h4 Bd3 28. Ra1 f6 29. Bf4 Bc4 30. Rc1 Be6 31. Rc2 h5 32. Rc1 c4 33. exf6 exf6 34. e5 fxe5 35. Bxe5 Bd5 36. Kf1 Re8 37. Bf4 Rde7 38. Bd2 Re2 39. Bc3 R2e3 40. Re1 Bg2+ 41. Kxg2 Rxe1 42. Nh3 R8e2+ 43. Kf3 Re3+ 44. Kf2 Rxc3 0-1

[Event "Weiz op 16th"]
[Site "Weiz"]
[Date "2017.06.15"]
[Round "2.11"]
[White "Muhr, Andreas"]
[Black "Amtmann, Franz"]
[Result "1-0"]
[WhiteElo "1772"]
[BlackElo "1768"]
[PlyCount "29"]
[EventDate "2017.06.15"]
[EventType "swiss"]
[EventRounds "5"]
[EventCountry "AUT"]
[SourceTitle "EXT 2024"]
[Source "ChessBase"]
[SourceDate "2023.10.10"]
[SourceVersion "1"]
[SourceVersionDate "2023.10.10"]
[SourceQuality "1"]

1. e4 e5 2. Ne2 Nf6 3. Ng3 d6 4. Bc4 Be7 5. 0-0 Nbd7 6. Nf5 0-0 7. d3 Nb6 8. Nxe7+ Qxe7 9. Bb3 h6 10. c4 Be6 11. a4 Nbd7 12. Nc3 Nc5 13. Ba2 a5 14. Nd5 c6 15. Nxe7+ 1-0

[Event "Leitersdorf op"]
[Site "Leitersdorf"]
[Date "2016.01.02"]
[Round "1"]
[White "Amtmann, Franz"]
[Black "Almer, Gerald"]
[Result "1/2-1/2"]
[WhiteElo "1792"]
[BlackElo "2146"]
[PlyCount "151"]
[EventDate "2016.01.02"]
[EventType "swiss"]
[EventRounds "5"]
[EventCountry "AUT"]
[SourceTitle "CBM 170 Extra"]
[Source "ChessBase"]
[SourceDate "2016.02.25"]
[SourceVersion "1"]
[SourceVersionDate "2016.02.25"]
[SourceQuality "1"]

1. e4 c5 2. Nc3 Nc6 3. a3 d6 4. Nf3 e5 5. Nd5 Nf6 6. Nxf6+ Qxf6 7. h3 Qg6 8. d3 Be7 9. c4 0-0 10. Be3 f5 11. Qc2 Be6 12. Rg1 Rab8 13. Be2 a6 14. Kf1 b5 15. b3 bxc4 16. bxc4 Rb6 17. exf5 Bxf5 18. g4 Bd7 19. Nd2 Rfb8 20. Rb1 Rxb1+ 21. Nxb1 Nd4 22. Bxd4 cxd4 23. Nd2 Qe8 24. Bf3 Ba4 25. Qa2 Kh8 26. Kg2 Qf7 27. Be4 Qf4 28. Rb1 Rf8 29. Nf1 Bh4 30. f3 h5 31. Qd2 Qf6 32. Rb6 Bg5 33. Qe2 Bd7 34. Rxa6 Rb8 35. Ra8 Qd8 36. Rxb8 Qxb8 37. Ng3 h4 38. Nf1 Qb3 39. Qf2 Qc3 40. Nh2 Kg8 41. Nf1 Ba4 42. Qe2 Kf8 43. Bg6 Bc6 44. Qa2 Ba4 45. Qe2 Ke7 46. Kf2 Qc1 47. Qa2 Be3+ 48. Kg2 Qe1 49. Qb2 Kf6 50. Be4 Bd1 51. f4 exf4 52. Nxe3 f3+ 53. Bxf3 Qg3+ 54. Kf1 Qxf3+ 55. Ke1 Qxe3+ 56. Kxd1 Qxd3+ 57. Qd2 Qxc4 58. Qf2+ Ke6 59. Qe2+ Kd5 60. Qxc4+ Kxc4 61. Kd2 Kb3 62. Kd3 Kxa3 63. Kxd4 Kb3 64. Kd3 Kb2 65. Kd2 g5 66. Kd3 Kc1 67. Ke4 Kd2 68. Kf5 Ke3 69. Kxg5 d5 70. Kxh4 d4 71. g5 d3 72. g6 d2 73. g7 d1Q 74. g8Q Qd4+ 75. Qg4 Qh8+ 76. Qh5 1/2-1/2

[Event "Graz Land-ch"]
[Site "Graz"]
[Date "2014.09.14"]
[Round "7"]
[White "Amtmann, Franz"]
[Black "Kristoferitsch, Daniel"]
[Result "1-0"]
[WhiteElo "1797"]
[BlackElo "1541"]
[PlyCount "109"]
[EventDate "2014.09.08"]
[EventType "swiss"]
[EventRounds "7"]
[EventCountry "AUT"]
[SourceTitle "CBM 162 Extra"]
[Source "ChessBase"]
[SourceDate "2014.10.17"]
[SourceVersion "1"]
[SourceVersionDate "2014.10.17"]
[SourceQuality "1"]

1. e4 e6 2. d4 d5 3. exd5 exd5 4. Nf3 Nf6 5. Bd3 Bd6 6. Bg5 h6 7. Qe2+ Be6 8. Bh4 0-0 9. 0-0 Nbd7 10. c3 Re8 11. Qc2 c6 12. a4 a5 13. Nbd2 Qc7 14. Rfe1 Ng4 15. Bg3 Bxg3 16. hxg3 Ngf6 17. Bf5 Bxf5 18. Qxf5 Nf8 19. Ne5 Qc8 20. Qf4 Ne6 21. Qf5 Ng5 22. Qf4 Rf8 23. Ndf3 Nge4 24. Nd2 Qe6 25. Nd3 Qd7 26. Nxe4 Nxe4 27. Ne5 Qc8 28. Qh4 Qe6 29. f3 Ng5 30. Qf4 Rfe8 31. Nd3 Qg6 32. Rxe8+ Rxe8 33. Ne1 Qe6 34. Qc1 Qe2 35. Rb1 Nh7 36. Kh2 Nf6 37. Qd1 Nd7 38. Nd3 b6 39. Nf4 Qe3 40. Qc1 g5 41. Qxe3 Rxe3 42. Nh5 Kh7 43. g4 Nf8 44. Ng3 Ng6 45. Nf5 Re2 46. Kh1 Nf4 47. b4 Rxg2 48. bxa5 bxa5 49. Rb6 Ra2 50. Rxc6 Rxa4 51. Rxh6+ Kg8 52. Rd6 Ra1+ 53. Kh2 Ra2+ 54. Kg1 Ne2+ 55. Kf1 1-0

[Event "Graz Land-ch"]
[Site "Graz"]
[Date "2014.09.10"]
[Round "3"]
[White "Amtmann, Franz"]
[Black "Legenstein, Robert"]
[Result "0-1"]
[WhiteElo "1797"]
[BlackElo "2081"]
[PlyCount "106"]
[EventDate "2014.09.08"]
[EventType "swiss"]
[EventRounds "7"]
[EventCountry "AUT"]
[SourceTitle "CBM 162 Extra"]
[Source "ChessBase"]
[SourceDate "2014.10.17"]
[SourceVersion "1"]
[SourceVersionDate "2014.10.17"]
[SourceQuality "1"]

1. e4 e5 2. Nf3 Nc6 3. Nc3 Nf6 4. d4 exd4 5. Nxd4 Bb4 6. Nxc6 bxc6 7. Bd3 d5 8. exd5 cxd5 9. 0-0 0-0 10. Bg5 c6 11. Na4 h6 12. Bf4 Bd6 13. Bxd6 Qxd6 14. f3 Rb8 15. b3 Bd7 16. Kh1 Rfe8 17. c4 c5 18. Nc3 d4 19. Qd2 Bc6 20. Rae1 Qd7 21. Nd1 Qb7 22. Rxe8+ Rxe8 23. Re1 Rxe1+ 24. Qxe1 Bxf3 25. Qf1 Be4 26. Nf2 Bxd3 27. Nxd3 Qe7 28. h3 Ne4 29. Qe1 f5 30. a3 Qc7 31. Kg1 Qc6 32. Qa5 Qb6 33. Qa4 Nf6 34. b4 Qe6 35. Qc2 Qe3+ 36. Kh2 Ne4 37. b5 Qg3+ 38. Kh1 Qxd3 39. Qa4 Qf1+ 40. Kh2 Qf4+ 41. Kg1 Qc7 42. Qa6 Nd6 43. Kf1 Qb6 44. Qa4 Qb7 45. Kg1 Qf7 46. Qa6 Nxc4 47. Qc8+ Kh7 48. Qxc5 d3 49. Qd4 d2 50. Qd3 Qe6 51. Kh1 Qe4 52. Qd7 Qb1+ 53. Kh2 d1Q 0-1

[Event "Styrian op-B"]
[Site "Bad Gleichenberg"]
[Date "2014.07.13"]
[Round "9"]
[White "Leisch, Lukas"]
[Black "Amtmann, Franz"]
[Result "1-0"]
[WhiteElo "1753"]
[BlackElo "1856"]
[PlyCount "99"]
[EventDate "2014.07.05"]
[EventType "swiss"]
[EventRounds "9"]
[EventCountry "AUT"]
[SourceTitle "EXT 2016"]
[Source "ChessBase"]
[SourceDate "2015.10.08"]
[SourceVersion "1"]
[SourceVersionDate "2015.10.08"]
[SourceQuality "1"]

1. e4 e5 2. Nf3 Nc6 3. Bb5 a6 4. Ba4 Bc5 5. 0-0 d6 6. c3 Bg4 7. d4 exd4 8. cxd4 Bxf3 9. gxf3 b5 10. dxc5 bxa4 11. Qxa4 Nge7 12. Be3 0-0 13. Kh1 Ne5 14. f4 Nd3 15. cxd6 Qxd6 16. Rg1 Nxf2+ 17. Bxf2 Qxf4 18. Qd4 Qf3+ 19. Rg2 Ng6 20. Nc3 Rad8 21. Qe3 Rd3 22. Qxf3 Rxf3 23. Bg3 c6 24. Rd1 h5 25. Rgd2 h4 26. Bc7 f6 27. Rd6 Ne5 28. Rd8 Ng4 29. Rxf8+ Kxf8 30. Rg1 Ne3 31. Bd6+ Kf7 32. Bc5 Nc4 33. Nd1 Nd2 34. Nf2 g5 35. b3 h3 36. Rd1 Nxb3 37. axb3 Rxb3 38. Kg1 Rc3 39. Bb6 Ke6 40. Kf1 f5 41. Ra1 g4 42. Bc7 Rf3 43. exf5+ Kxf5 44. Rxa6 Rc3 45. Ra4 Rc1+ 46. Ke2 c5 47. Rf4+ Ke6 48. Rxg4 Rc2+ 49. Ke3 c4 50. Rh4 1-0

[Event "Graz-chB"]
[Site "Graz"]
[Date "2012.01.28"]
[Round "7"]
[White "Amtmann, Franz"]
[Black "Karner, Robert"]
[Result "1/2-1/2"]
[WhiteElo "1864"]
[BlackElo "1792"]
[PlyCount "119"]
[EventDate "2012.01.13"]
[EventType "swiss"]
[EventRounds "7"]
[EventCountry "AUT"]
[SourceTitle "EXT 2013"]
[Source "ChessBase"]
[SourceDate "2012.11.22"]
[SourceVersion "1"]
[SourceVersionDate "2012.11.22"]
[SourceQuality "1"]

1. e4 e5 2. Nf3 Nc6 3. Nc3 Bc5 4. Na4 Be7 5. Nc3 Nf6 6. Bc4 d6 7. h3 Be6 8. Bb5 a6 9. Bxc6+ bxc6 10. b3 0-0 11. Ba3 h6 12. d4 exd4 13. Qxd4 d5 14. Bxe7 Qxe7 15. e5 Nd7 16. 0-0 Nb6 17. Nh2 c5 18. Qd2 d4 19. Ne2 Nd5 20. f4 Ne3 21. Rf2 Rad8 22. Ng3 c4 23. Ngf1 c3 24. Qe2 Nxf1 25. Qxf1 Qa3 26. Qd3 g6 27. f5 Bxf5 28. Rxf5 gxf5 29. Qxf5 Qe7 30. Ng4 Kg7 31. Nf6 Rh8 32. Rf1 Qe6 33. Nh5+ Kg8 34. Qf3 Kf8 35. Nf4 Qf5 36. e6 Kg8 37. Qg3+ Qg5 38. exf7+ Kxf7 39. Nd3+ Kg8 40. Qxc7 Rh7 41. Qc4+ Qd5 42. Qxa6 Rg7 43. Nf4 Qg5 44. Qe2 Re7 45. Qc4+ Rf7 46. Kh1 Qf5 47. Kh2 Kh7 48. Rf2 Rdd7 49. Nd3 Qh5 50. Rxf7+ Qxf7 51. Qc6 Re7 52. Qd6 Qg7 53. Nf4 Qe5 54. Qg6+ Kh8 55. Qxh6+ Kg8 56. g3 Qe4 57. Qg5+ Kf7 58. Qh5+ Kg8 59. Qg5+ Kf7 60. Qh5+ 1/2-1/2

[Event "Leitersdorf Region-ch"]
[Site "Leitersdorf"]
[Date "2012.01.07"]
[Round "5.1"]
[White "Haeusl, Peter"]
[Black "Amtmann, Franz"]
[Result "0-1"]
[WhiteElo "1621"]
[BlackElo "1864"]
[PlyCount "38"]
[EventDate "2012.01.03"]
[EventType "swiss"]
[EventRounds "5"]
[EventCountry "AUT"]
[SourceTitle "EXT 2013"]
[Source "ChessBase"]
[SourceDate "2012.11.22"]
[SourceVersion "1"]
[SourceVersionDate "2012.11.22"]
[SourceQuality "1"]

1. d4 Nf6 2. c4 g6 3. Nc3 Bg7 4. Nf3 0-0 5. Bg5 d6 6. e3 Nbd7 7. Be2 c5 8. 0-0 cxd4 9. Nxd4 Nc5 10. Qd2 Nce4 11. Nxe4 Nxe4 12. Bxe7 Qxe7 13. Qd3 Re8 14. Bf3 Rb8 15. b4 Ng5 16. Bd5 Be6 17. e4 Bxd5 18. exd5 h6 19. c5 dxc5 0-1

[Event "Leitersdorf Region-ch"]
[Site "Leitersdorf"]
[Date "2012.01.04"]
[Round "2"]
[White "Toelly, Michael"]
[Black "Amtmann, Franz"]
[Result "0-1"]
[WhiteElo "1676"]
[BlackElo "1864"]
[PlyCount "130"]
[EventDate "2012.01.03"]
[EventType "swiss"]
[EventRounds "5"]
[EventCountry "AUT"]
[SourceTitle "EXT 2013"]
[Source "ChessBase"]
[SourceDate "2012.11.22"]
[SourceVersion "1"]
[SourceVersionDate "2012.11.22"]
[SourceQuality "1"]

1. e4 e5 2. Nf3 Nc6 3. Bb5 a6 4. Ba4 b5 5. Bb3 Nf6 6. Ng5 d5 7. exd5 Nd4 8. d3 Nxb3 9. axb3 h6 10. Ne4 Nxd5 11. Nbc3 Bb7 12. 0-0 Bd6 13. Qg4 Kf8 14. Bd2 Kg8 15. f4 Nf6 16. Qe2 exf4 17. Bxf4 Bxf4 18. Rxf4 Nxe4 19. dxe4 f6 20. Rd1 Qe7 21. Qg4 Rd8 22. Rxd8+ Qxd8 23. Qe6+ Kf8 24. Nd5 Qd6 25. Qxd6+ cxd6 26. Kf2 Kf7 27. Nb6 Re8 28. Nd5 Rc8 29. c3 Rc5 30. b4 Rc8 31. Ke3 Ke6 32. Rf5 Bxd5 33. Rxd5 g6 34. Rd4 h5 35. Kd3 Rc6 36. b3 Rc7 37. c4 Rc6 38. Rd5 Rb6 39. c5 Rc6 40. Kd4 Ke7 41. cxd6+ Rxd6 42. Rxd6 Kxd6 43. h4 g5 44. g3 gxh4 45. gxh4 Ke6 46. Ke3 Ke5 47. Kf3 f5 48. exf5 Kxf5 49. Kg3 Ke4 50. Kf2 Kf4 51. Ke2 Kg3 52. Ke3 Kxh4 53. Kf4 Kh3 54. Kf3 h4 55. Kf2 Kg4 56. Kg2 h3+ 57. Kf2 Kf4 58. Kg1 Ke3 59. Kh2 Kd3 60. Kxh3 Kc3 61. Kg3 Kxb3 62. Kf3 Kxb4 63. Ke2 Kc3 64. Kd1 Kb2 65. Kd2 a5 0-1

[Event "Gleisdorf op 35th"]
[Site "Gleisdorf"]
[Date "2011.06.23"]
[Round "1"]
[White "Amtmann, Franz"]
[Black "Nuster, Erwin"]
[Result "0-1"]
[WhiteElo "1864"]
[BlackElo "2170"]
[PlyCount "108"]
[EventDate "2011.06.23"]
[EventType "swiss"]
[EventRounds "5"]
[EventCountry "AUT"]
[SourceTitle "EXT 2012"]
[Source "ChessBase"]
[SourceDate "2011.11.24"]
[SourceVersion "1"]
[SourceVersionDate "2011.11.24"]
[SourceQuality "1"]

1. e4 c5 2. c4 Nc6 3. Nf3 g6 4. Nc3 Bg7 5. d3 d6 6. Be2 Nf6 7. 0-0 0-0 8. a3 a6 9. Rb1 Ne8 10. Nd5 e6 11. Nc3 Rb8 12. Bd2 b5 13. b3 Nc7 14. Qc1 Re8 15. Bh6 Bh8 16. Qd2 Bd7 17. g3 e5 18. h4 Ne6 19. Nd5 Ned4 20. Nxd4 Nxd4 21. Kg2 Be6 22. Nc3 Qa5 23. a4 bxa4 24. bxa4 f5 25. Rxb8 Rxb8 26. Bd1 Bg7 27. Nd5 Qxd2 28. Bxd2 Bxd5 29. exd5 Bf6 30. Bc3 Kf7 31. h5 g5 32. f3 Rb1 33. Re1 Bd8 34. Kf2 Kf6 35. Ke3 f4+ 36. Kf2 fxg3+ 37. Kxg3 Rxd1 38. Rxd1 Ne2+ 39. Kg4 Nxc3 40. Rd2 Ba5 41. Rb2 Bb4 42. a5 Nd1 43. Re2 Bc3 44. Kh3 Kf5 45. Kg2 Nb2 46. Rc2 Bd4 47. Rd2 Kf4 48. Kh3 Kxf3 49. Rg2 h6 50. Rg3+ Ke2 51. Kg4 Nxd3 52. Kf5 Bf2 53. Rh3 Be1 54. Ke4 Nf2+ 0-1

[Event "Graz op-B"]
[Site "Graz"]
[Date "2006.09.16"]
[Round "1.1"]
[White "Amtmann, Franz"]
[Black "Lang, Wolfgang"]
[Result "1/2-1/2"]
[WhiteElo "1889"]
[BlackElo "2076"]
[PlyCount "92"]
[EventDate "2006.09.16"]
[EventType "swiss"]
[EventRounds "9"]
[EventCountry "AUT"]
[SourceTitle "EXT 2022"]
[Source "ChessBase"]
[SourceDate "2021.10.06"]
[SourceVersion "1"]
[SourceVersionDate "2021.10.06"]
[SourceQuality "1"]

1. d4 d5 2. c4 c6 3. Nc3 Nf6 4. e3 e6 5. cxd5 exd5 6. Bd3 Bd6 7. Nf3 Qc7 8. h3 0-0 9. 0-0 Re8 10. Qc2 Nbd7 11. Ng5 Nf8 12. f4 a6 13. Ne2 h6 14. Nf3 Ne4 15. Nd2 Bf5 16. Nxe4 Bxe4 17. Nc3 Bxd3 18. Qxd3 Rad8 19. Bd2 Nd7 20. Rac1 Nf6 21. Rf3 Qe7 22. a3 c5 23. dxc5 Bxc5 24. Ne2 Ne4 25. Nd4 Nxd2 26. Qxd2 Bb6 27. Kh2 Qf6 28. Rc3 Re4 29. Rd3 Bxd4 30. Rxd4 Rxd4 31. Qxd4 Qxd4 32. exd4 Re8 33. Kg3 Re4 34. Rd3 Kf8 35. Kf3 Ke7 36. Re3 f5 37. Rd3 Kd6 38. a4 b5 39. axb5 a5 40. g4 g6 41. b6 Kc6 42. Rb3 Kb7 43. gxf5 gxf5 44. Rb5 Rxd4 45. Rxa5 Kxb6 46. b4 Rd3+ 1/2-1/2

[Event "St Veit op 25th"]
[Site "St Veit"]
[Date "2006.07.08"]
[Round "1"]
[White "Amtmann, Franz"]
[Black "Praznik, Niko"]
[Result "0-1"]
[WhiteElo "1889"]
[BlackElo "2356"]
[PlyCount "82"]
[EventDate "2006.07.08"]
[EventType "swiss"]
[EventRounds "9"]
[EventCountry "AUT"]
[SourceTitle "CBM 113 Extra"]
[Source "ChessBase"]
[SourceDate "2006.09.14"]
[SourceVersion "1"]
[SourceVersionDate "2006.09.14"]
[SourceQuality "1"]

1. d4 g6 2. c4 Bg7 3. Nc3 d6 4. e3 Nf6 5. Nf3 0-0 6. Be2 Nbd7 7. 0-0 e5 8. e4 a5 9. dxe5 dxe5 10. Nd5 Nxe4 11. Re1 c6 12. Nc3 Nxc3 13. bxc3 Re8 14. Qc2 Nc5 15. Bg5 f6 16. Rad1 Qc7 17. Be3 Bf5 18. Qb2 Bf8 19. Nh4 Be6 20. Bxc5 Bxc5 21. g3 Rad8 22. Ng2 Re7 23. Rd3 Red7 24. Red1 Qb6 25. Qxb6 Bxb6 26. Ne1 Rxd3 27. Rxd3 Rxd3 28. Bxd3 Kf7 29. a4 Ke7 30. Kg2 Kd6 31. f4 exf4 32. gxf4 Kc5 33. Kf3 Bxc4 34. Ke3 Bc7 35. h4 b5 36. axb5 cxb5 37. Bc2 a4 38. Nf3 a3 39. Bb1 a2 40. Bxa2 Bxa2 41. Nd2 Bd5 0-1